| 000 | 01412cam a22003613a 4500 | ||
|---|---|---|---|
| 001 | 14383397 | ||
| 003 | SISC | ||
| 005 | 20160711091243.0 | ||
| 008 | 060124s2006 nyu 000 1 eng d | ||
| 010 | _a 2006576720 | ||
| 020 |
_a0441013813 (pbk.) : _c$7.99 |
||
| 020 | _a9780441013814 | ||
| 035 | _a(OCoLC)ocm63145976 | ||
| 040 |
_aOC2 _cOC2 _dBAKER _dNTE _dDAY _dDLC |
||
| 042 | _alccopycat | ||
| 050 |
_aPZ 7 _b.B854 2006 |
||
| 100 | 1 | _aBriggs, Patricia. | |
| 245 | 1 | 0 |
_aMoon called / _cPatricia Briggs. |
| 250 | _aAce edition. | ||
| 260 |
_aNew York : _bAce Books, _c2006. |
||
| 300 |
_a288 pages ; _c18 cm. |
||
| 500 | _a"Ace fantasy"--Spine. | ||
| 520 | _aMercy Thompson's life is not exactly normal. Her next-door neighbor is a werewolf. Her former boss is a gremlin. And she's fixing a VW bus for a vampire. But then, Mercy isn't exactly normal herself. | ||
| 650 | 0 |
_aWerewolves _vFiction. |
|
| 650 | 0 | _aFantasy fiction, American. | |
| 655 | 7 |
_aFantasy fiction. _2gsafd |
|
| 710 | 2 |
_aCopyright Paperback Collection (Library of Congress) _5DLC |
|
| 856 | 4 | 2 |
_3Contributor biographical information _uhttp://www.loc.gov/catdir/enhancements/fy0718/2006576720-b.html |
| 856 | 4 | 2 |
_3Publisher description _uhttp://www.loc.gov/catdir/enhancements/fy0718/2006576720-d.html |
| 906 |
_a7 _bcbc _ccopycat _d2 _encip _f20 _gy-genrareb |
||
| 942 |
_2lcc _cBK |
||
| 999 |
_c296229 _d296229 |
||